Green Day-All Songs (UPDATED JUNE 2025) - Statistics

General Stats
  • This quiz has been taken 70 times
  • The average score is 87 of 233
Answer Stats
Album/Year Song % Correct
American Idiot (2004) American Idiot
91%
American Idiot (2004) Boulevard of Broken Dreams
86%
American Idiot (2004) Holiday
82%
American Idiot (2004) Jesus of Suburbia
80%
Dookie (1994) Basket Case
77%
Dookie (1994) Longview
70%
Dookie (1994) She
70%
Insomniac (1995) Brain Stew
68%
21st Century Breakdown (2009) 21 Guns
66%
Nimrod (1997) Good Riddance (Time of Your Life)
66%
American Idiot (2004) Are We the Waiting
64%
Dookie (1994) | Kerplunk (1991) Welcome to Paradise
64%
Dookie (1994) When I Come Around
64%
Dookie (1994) Burnout
61%
American Idiot (2004) Homecoming
61%
Warning: (2000) Minority
61%
American Idiot (2004) St. Jimmy
61%
Warning: (2000) Warning
61%
American Idiot (2004) Whatsername
61%
Dookie (1994) All By Myself
59%
Saviors (2024) The American Dream is Killing Me
59%
Kerplunk (1991) 80
57%
American Idiot (2004) Give Me Novacaine
57%
Revolution Radio (2016) Revolution Radio
57%
American Idiot (2004) She's A Rebel
57%
Warning: (2000) Waiting
57%
Insomniac (1995) 86
55%
Dookie (1994) Chump
55%
Dookie (1994) FOD
55%
Nimrod (1997) Hitchin' A Ride
55%
American Idiot (2004) Letterbomb
55%
Nimrod (1997) Nice Guys Finish Last
55%
1,039 Smoothed Out Slappy Hours (1991) At the Library
52%
Saviors (2024) Bobby Sox
52%
American Idiot (2004) Extraordinary Girl
52%
Father of All Motherfuckers (2020) Father of All...
52%
Insomniac (1995) Geek Stink Breath
52%
1,039 Smoothed Out Slappy Hours (1991) Green Day
52%
Dookie (1994) Having a Blast
52%
21st Century Breakdown (2009) Last Night on Earth
52%
Kerplunk (1991) 2000 Light Years Away
50%
Dookie (1994) Coming Clean
50%
Dookie (1994) In the End
50%
Insomniac (1995) Jaded
50%
Dookie (1994) Pulling Teeth
50%
21st Century Breakdown (2009) 21st Century Breakdown
48%
Revolution Radio (2016) Bang Bang
48%
Warning: (2000) Blood, Sex and Booze
48%
1,039 Smoothed Out Slappy Hours (1991) Going to Pasalacqua
48%
21st Century Breakdown (2009) Know Your Enemy
48%
Warning: (2000) Macy's Day Parade
48%
Nimrod (1997) Redundant
48%
21st Century Breakdown (2009) Viva La Gloria!
48%
1,039 Smoothed Out Slappy Hours (1991) 16
45%
Warning: (2000) Castaway
45%
Saviors (2024) Corvette Summer
45%
Saviors (2024) Dilemma
45%
Saviors (2024) Look Ma, No Brains
45%
1,039 Smoothed Out Slappy Hours (1991) Rest
45%
Saviors (2024) Saviors
45%
Insomniac (1995) Armatage Shanks
43%
Warning: (2000) Deadbeat Holiday
43%
Dookie (1994) Emenius Sleepus
43%
Warning: (2000) Jackass
43%
Nimrod (1997) King for a Day
43%
Nimrod (1997) Platypus (I Hate You)
43%
Saviors (2024) Suzie Chapstick
43%
Saviors (2024) 1981
41%
Kerplunk (1991) Christie Road
41%
Warning: (2000) Church on Sunday
41%
Warning: (2000) Fashion Victim
41%
Saviors (edition de luxe) [2025] Fuck Off
41%
Saviors (2024) Goodnight Adeline
41%
American Idiot (Deluxe Edition) [2004] Governator
41%
Nimrod (1997) Haushinka
41%
Warning: (2000) Misery
41%
Uno (2012) Oh Love
41%
Father of All Motherfuckers (2020) Oh Yeah!
41%
Insomniac (1995) Panic Song
41%
International Superhits! (2001) Poprocks & Coke
41%
Saviors (edition de luxe) [2025] Smash It Like Belushi
41%
21st Century Breakdown (2009) Song of the Century
41%
Revolution Radio (2016)
Still Breathing
41%
Nimrod (1997) The Grouch
41%
1,039 Smoothed Out Slappy Hours (1991) The Judge's Daughter
41%
Insomniac (1995) Brat
39%
21st Century Breakdown (2009) East Jesus Nowhere
39%
Saviors (2024) Fancy Sauce
39%
Saviors (2024) Father to a Son
39%
Warning: (2000) Hold On
39%
Nimrod (1997) Jinx
39%
Uno (2012) Nuclear Family
39%
Saviors (2024) One Eyed Bastard
39%
1,039 Smoothed Out Slappy Hours (1991) Paper Lanterns
39%
American Idiot (Deluxe Edition) [2004] Shoplifter
39%
Insomniac (1995) Bab's Uvula Who?
36%
1,039 Smoothed Out Slappy Hours (1991) Don't Leave Me
36%
1,039 Smoothed Out Slappy Hours (1991) I Was There
36%
International Superhits! (2001) Maria
36%
Nimrod (1997) Prosthetic Head
36%
Nimrod (1997) Reject
36%
Dookie (1994) Sassafrass Roots
36%
Nimrod (1997) Scattered
36%
Saviors (2024) Strange Days Are Here to Stay
36%
Insomniac (1995) Stuck with Me
36%
Kerplunk (1991) Sweet Children
36%
Nimrod (1997) Take Back
36%
Nimrod (1997) Uptight
36%
Insomniac (1995) Walking Contradiction
36%
1,039 Smoothed Out Slappy Hours (1991) 409 In Your Coffeemaker
34%
Dos (2012) Amy
34%
Kerplunk (1991) Android
34%
Uno (2012) Carpe Diem
34%
1,039 Smoothed Out Slappy Hours (1991) Disappearing Boy
34%
21st Century Breakdown (2009) Horseshoes and Handgrenades
34%
Uno (2012) Kill the DJ
34%
1,039 Smoothed Out Slappy Hours (1991) Knowledge
34%
21st Century Breakdown (2009) Last of the American Girls
34%
Nimrod (1997) Last Ride In
34%
Dos (2012) Nightlife
34%
1,039 Smoothed Out Slappy Hours (1991) Only of You
34%
Revolution Radio (2016) Ordinary World
34%
Uno (2012) Stay the Night
34%
Insomniac (1995) Stuart and the Ave.
34%
21st Century Breakdown (2009) Viva La Gloria? (Little Girl)
34%
Kerplunk (1991) Who Wrote Holden Caulfield
34%
1,039 Smoothed Out Slappy Hours (1991) Why Do You Want Him
34%
1,039 Smoothed Out Slappy Hours (1991) 1,000 Hours
32%
21st Century Breakdown (2009) American Eulogy
32%
Saviors (edition de luxe) [2025] Ballyhoo
32%
21st Century Breakdown (2009) Before the Lobotomy
32%
21st Century Breakdown (2009) Christian's Inferno
32%
Saviors (2024) Coma City
32%
Kerplunk (1991) Dominated Love Slave
32%
1,039 Smoothed Out Slappy Hours (1991) Dry Ice
32%
Father of All Motherfuckers (2020) Graffitia
32%
Dos (2012) Lady Cobra
32%
Saviors (2024) Living in the 20's
32%
Kerplunk (1991) My Generation
32%
Insomniac (1995) No Pride
32%
Kerplunk (1991) One for the Razorbacks
32%
Kerplunk (1991) One of My Lies
32%
21st Century Breakdown (2009) Peacemaker
32%
Kerplunk (1991) Private Ale
32%
1,039 Smoothed Out Slappy Hours (1991) Road to Acceptance
32%
21st Century Breakdown (2009) See the Light
32%
Revolution Radio (2016) Somewhere Now
32%
Dos (2012) Stray Heart
32%
Insomniac (1995) Tight Wad Hill
32%
Nimrod (1997) Walking Alone
32%
Insomniac (1995) Westbound Sign
32%
Nimrod (1997) Worry Rock
32%
Revolution Radio (2016) Youngblood
32%
Nimrod (1997) All the Time
30%
Dos (2012) Ashley
30%
American Idiot (Deluxe Edition) [2004] Favorite Son
30%
Father of All Motherfuckers (2020) Fire, Ready, Aim
30%
Shenanigans (2002) Ha Ha You're Dead
30%
1,039 Smoothed Out Slappy Hours (1991) I Want to Be Alone
30%
International Superhits! (2001) J.A.R. (Jason Andrew Relva)
30%
Dos (2012) Makeout Party
30%
Father of All Motherfuckers (2020) Meet Me On the Roof
30%
21st Century Breakdown (2009) Murder City
30%
Revolution Radio (2016) Outlaws
30%
Father of All Motherfuckers (2020) Sugar Youth
30%
Uno (2012) Sweet 16
30%
1,039 Smoothed Out Slappy Hours (1991) The One I Want
30%
21st Century Breakdown (2009) The Static Age
30%
Kerplunk (1991) Words I Might Have Ate
30%
Tre (2012) 99 Revolutions
27%
Tre (2012) A Little Boy Named Train
27%
Tre (2012) Amanda
27%
Kerplunk (1991) Best Thing in Town
27%
Tre (2012) Brutal Love
27%
Tre (2012) Dirty Rotten Bastards
27%
Revolution Radio (2016) Forever Now
27%
Dos (2012) Lazy Bones
27%
Uno (2012) Let Yourself Go
27%
Kerplunk (1991) No One Knows
27%
21st Century Breakdown (2009) Restless Heart Syndrome
27%
Uno (2012) Rusty James
27%
Kerplunk (1991) Strangeland
27%
Revolution Radio (2016) Too Dumb to Die
27%
American Idiot (Deluxe Edition) [2004] Too Much Too Soon
27%
God's Favorite Band (2017) Back in the USA
25%
Dos (2012) Fuck Time
25%
Single (2021) Pollyanna
25%
Revolution Radio (2016) Say Goodbye
25%
Tre (2012) Sex, Drugs & Violence
25%
Father of All Motherfuckers (2020) Stab You in the Heart
25%
Dos (2012) Stop When the Red Lights Flash
25%
Dos (2012) Wow! That's Loud
25%
Tre (2012) X Kid
25%
Uno (2012) Angel Blue
23%
Revolution Radio (2016) Bouncing Off the Wall
23%
Tre (2012) Drama Queen
23%
Uno (2012) Fell for You
23%
Shenanigans (2002) I Want to Be on TV
23%
Father of All Motherfuckers (2020) I Was a Teenage Teenager
23%
Shenanigans (2002) On the Wagon
23%
Dos (2012) See You Tonight
23%
Tre (2012) The Forgotten
23%
Uno (2012) Troublemaker
23%
Saviors (edition de luxe) [2025] Underdog
23%
Tre (2012) 8th Avenue Serenade
20%
Dos (2012) Baby Eyes
20%
Shenanigans (2002) Do Da Da
20%
Shenanigans (2002) Espionage
20%
Father of All Motherfuckers (2020) Junkies On a High
20%
Tre (2012) Missing You
20%
Shenanigans (2002) Outsider
20%
Saviors (edition de luxe) [2025] Stay Young
20%
Tre (2012) Walk Away
20%
American Idiot (The Original Broadway Cast Recording) [2010] When It's Time
20%
Dos (2012) Wild One
20%
Shenanigans (2002) You Lied
20%
Uno (2012) Loss of Control
18%
Father of All Motherfuckers (2020) Take the Money and Crawl
18%
Revolution Radio (2016) Troubled Times
18%
Shenanigans (2002) Desensitized
16%
Shenanigans (2002) Don't Wanna Fall In Love
16%
Single (2021) Holy Toledo!
16%
Shenanigans (2002) Rotting
16%
Shenanigans (2002) Sick of Me
16%
Shenanigans (2002) Suffocate
16%
American Idiot (2004) Wake Me Up September Ends
16%
Single (2020) Dreaming
14%
Shenanigans (2002) Scumbag
14%
Shenanigans (2002) Tired of Waiting For You
14%
21st Century Breakdown (Deluxe Edition) [2009] A Quick One, While He's Away
9%
Single (2019) Xmas Time of the Year
9%
21st Century Breakdown (Deluxe Edition) [2009] Another State of Mind
7%
No matching quizzes found
Score Distribution
Percent of People with Each Score
Percentile by Number Answered
Your Score History
You have not taken this quiz